000 01207nam a2200313 a 4500
001 000113054
003 CHAP
005 20220329144335.0
008 170331s20150156mx sm |||||||spa d
010 _a109515
011 _a110487
040 _cCHAP
090 _aTesis
100 1 _aCruz Pérez, José Clemente
_9131845
245 1 0 _aEvaluación de la resistencia traccional de un arado de disco y su correspondencia energética con el tractor MF 592 T 4 WD
_h[En línea]
_cpor José Clemente Cruz Pérez.
260 _aChapingo, Méx. :
_bEl autor,
_c20156.
500 _aPara ver el contenido del material haga clic en la liga
502 _aTesis (Ing. Mecánico Agrícola) -- UACH. Departamento de Ingeniería Mecánica Agrícola
590 _aBATCH-UPD
_b05
_c20170331
_lUCH01
_h0847
590 _aE5765TAJ
_b05
_c20170331
_lUCH01
_h0846
590 _aE5765TAJ
_b05
_c20170331
_lUCH01
_h0848
650 1 4 _aArados de disco
_xCombustible
_xConsumo.
_9131847
650 1 4 _aMaquinaria agrícola
_xEsfuerzo y tensión.
_9131846
650 1 4 _aTractores
_xPruebas.
_9114586
856 _aFinding aid
_uhttp://10.13.5.2/tesis/sist113054.pdf
_zTeclea aquí
901 _aBK
942 _cTESIS
942 _n0
999 _c109515
_d109515